|
|
|
|
| LEADER |
01644nam a2200397 a 4500 |
| 001 |
38001 |
| 003 |
BD-DhAAL |
| 005 |
20240714102853.0 |
| 008 |
220310t2007 bg bs 001 0 eng |
| 010 |
|
|
|a 2008331057
|
| 020 |
|
|
|a 9848120793
|
| 025 |
|
|
|a B-E-2008-331057; 22
|
| 037 |
|
|
|b Library of Congress -- New Delhi Overseas Office
|c Tk450.00 ($30.00 U.S.)
|
| 040 |
|
|
|a DLC
|c DLC
|d BD-DhAAL
|
| 042 |
|
|
|a lcode
|
| 043 |
|
|
|a a-bg---
|
| 050 |
0 |
0 |
|a HF1590.6
|b .T695 2007
|
| 082 |
|
|
|2 22
|a 382.3095492
|
| 245 |
0 |
0 |
|a Trade and industrial policy environment in Bangladesh :
|b with special reference to some non-traditional export sectors /
|c edited by Abdur Razzaque and Selim Raihan.
|
| 260 |
|
|
|a Dhaka :
|b Pathak Shamabesh,
|c 2007.
|
| 300 |
|
|
|a 167 pages ;
|c 23 cm.
|
| 500 |
|
|
|a "Unnayan Shamannay."
|
| 500 |
|
|
|a Includes statistical tables.
|
| 504 |
|
|
|a Includes bibliographical references (p. [157]-160) and index.
|
| 541 |
|
|
|a Donated by Akbar Ali Khan
|e 38001
|
| 650 |
|
0 |
|a Industrial policy
|z Bangladesh.
|9 46769
|
| 650 |
|
0 |
|a Industrial policy
|z Bangladesh
|v Statistics.
|9 46770
|
| 651 |
|
0 |
|a Bangladesh
|x Commercial policy.
|9 46771
|
| 651 |
|
0 |
|a Bangladesh
|x Commercial policy
|v Statistics.
|9 46772
|
| 700 |
1 |
|
|a Razzaq, Abdur.
|9 46773
|
| 700 |
1 |
|
|a Raihan, Selim.
|9 46774
|
| 710 |
2 |
|
|a Unnayan Shamannay (Organization : Bangladesh)
|9 46775
|
| 852 |
|
|
|a Ayesha Abed Library
|c Akbar Ali Khan Collection
|
| 942 |
|
|
|2 ddc
|c BK
|
| 999 |
|
|
|c 43742
|d 43742
|
| 952 |
|
|
|0 0
|1 0
|2 ddc
|4 0
|6 382_309549200000000_TRA
|7 1
|9 70093
|a BRACUL
|b BRACUL
|c AAKC
|d 2022-03-10
|e Donated by Akbar Ali Khan
|l 0
|o 382.3095492 TRA
|p 3010038001
|r 2022-03-10
|t 1
|w 2022-03-10
|y BK
|